Privatisation experience around the world/ (Record no. 159621)

MARC details
000 -LEADER
fixed length control field 00515nam a22001817a 4500
005 - DATE AND TIME OF LATEST TRANSACTION
control field 20181226170554.0
010 ## - LCCN (DPL NO)
LC control number A-935617
020 ## - INTERNATIONAL STANDARD BOOK NUMBER
International Standard Book Number 8170997089
035 ## - SYSTEM CONTROL NUMBER
System control number A-935617
037 ## - SOURCE OF ACQUISITION
Source of stock number/acquisition Mittal publication
082 ## - DEWEY DECIMAL CLASSIFICATION NUMBER
Classification number 338.62
100 ## - MAIN ENTRY--PERSONAL NAME
Personal name Ganesh, G.
245 ## - TITLE STATEMENT
Title Privatisation experience around the world/
Statement of responsibility, etc by G. Ganesh
260 ## - PUBLICATION, DISTRIBUTION, ETC. (IMPRINT)
Place of publication, distribution, etc New Delhi
Name of publisher, distributor, etc Mittal publication
Date of publication, distribution, etc 1998
300 ## - PHYSICAL DESCRIPTION
Extent 375p.
Dimensions 22cm(Hb)
942 ## - ADDED ENTRY ELEMENTS (KOHA)
Source of classification or shelving scheme Dewey Decimal Classification
Item type English Books
Classification part 338.62
Call number suffix GAN
Holdings
Withdrawn status Lost status Not for loan Collection code Home library Current library Date acquired Full call number Barcode Koha item type Public note
      Non-fiction Sarojini Nagar Sarojini Nagar 26/12/2018 338.62 GAN A-935617 English Books Withdrawn List Prepared L.No.08/8

© Delhi Public Library
Hit Counter
free hit counter